000 00812nam a22003370a 4500
001 PT29882
003 AR-LpoUNG
005 20210131233551.0
008 191001s1973||||ag |||||||||||||||||spa d
040 _aAR-LpoUNG
_bspa
_cAR-LpoUNG
_eaacr
041 _aspa
044 _aag
082 0 _a982.064 78pat
100 1 _aUrondo, Francisco
245 1 3 _aLa patria fusilada
250 _a1§ edición
260 _aBuenos Aires :
_bCrisis,
_c1973.
300 _a143 p. :
_btbls.
650 4 _aANALISIS HISTORICO
650 4 _aARGENTINA
650 4 _aENTREVISTAS
650 4 _aGUERRILLEROS
650 4 _aHISTORIA POLITICA
650 4 _aINSTITUCIONES PENALES
650 4 _aPRISIONES
650 4 _aVIOLENCIA
651 4 _aArgentina
653 _aPERONISMO
905 _a29882
942 _cLIB
999 _c21425
_d21425